000
00314nam a2200133Ia 4500
005
20260328104308.0
008
260328s9999||||xx |||||||||||||| ||und||
100
_a
Vargas, Mario
245
0
_a
El SueƱo del Celta /
_c
Mario Vargas
260
_b
Alfaguara
300
_a
453 p.
650
_a
NOVELAS
942
_c
BK
999
_c
10861
_d
10861